000 00698nam a22002537a 4500
003 OSt
005 20250828190258.0
007 ta
008 250828b bl ||||| |||| 00| 1 por d
020 _a9788526292710
_q(encad.)
040 _bpor
_cOSt
041 0 _apor
_hpor
082 _a028.5
_bT266l
100 1 _aTeixeira, Mario
_d1968-
_9836
210 _2A linha negra
245 1 2 _aA linha negra /
260 _aSão Paulo :
_bScipione,
_c2014.
300 _a198 p. :
_bil. ;
_c20,5 cm
650 0 4 _aGuerra do Paraguai-1865-1870
650 0 4 _aLiteratura infanto-juvenil
650 0 4 _aLiteratura infanto-juvenil brasileira
700 1 _aAlex, Allan
_9837
_eilustrador
942 _2ddc
_cLIV
_n0
999 _c540
_d540